Data Mining. (Record no. 350410)

000 -LEADER
fixed length control field 00587nam a22002297a 4500
003 - CONTROL NUMBER IDENTIFIER
control field OSt
005 - DATE AND TIME OF LATEST TRANSACTION
control field 20180116183017.0
008 - FIXED-LENGTH DATA ELEMENTS--GENERAL INFORMATION
fixed length control field 151009b xxu||||| |||| 00| 0 eng d
020 ## - INTERNATIONAL STANDARD BOOK NUMBER
International Standard Book Number 9789382291497
022 ## - INTERNATIONAL STANDARD SERIAL NUMBER
International Standard Serial Number 9789382291497
040 ## - CATALOGING SOURCE
Transcribing agency 0
050 ## - LIBRARY OF CONGRESS CALL NUMBER
Classification number 005.73
082 ## - DEWEY DECIMAL CLASSIFICATION NUMBER
Classification number 005.73
100 ## - MAIN ENTRY--PERSONAL NAME
Personal name Kumar,T.V Suresh.
245 ## - TITLE STATEMENT
Title Data Mining.
Remainder of title Principles and Applications.
Statement of responsibility, etc. Dr.T V Suresh Kumar.
260 ## - PUBLICATION, DISTRIBUTION, ETC.
Place of publication, distribution, etc. New Delhi
Name of publisher, distributor, etc. ELSEVIER
Date of publication, distribution, etc. 2013.
300 ## - PHYSICAL DESCRIPTION
Extent 373p.
500 ## - GENERAL NOTE
General note Paper Cover
600 ## - SUBJECT ADDED ENTRY--PERSONAL NAME
Personal name Kumar,T.V Suresh.
700 ## - ADDED ENTRY--PERSONAL NAME
Personal name Kumar,T.V Suresh.
942 ## - ADDED ENTRY ELEMENTS (KOHA)
Source of classification or shelving scheme
Koha item type Book
Call number prefix 005.73
Holdings
Withdrawn status Lost status Source of classification or shelving scheme Damaged status Not for loan Collection code Permanent Location Current Location Shelving location Date acquired Total Checkouts Full call number Barcode Date last seen Date last checked out Price effective from Koha item type
            Central Library (CL) Central Library (CL) First Floor - Operating System/ Data Structure 10/09/2015 1 005.73 KUM NBS9521 11/22/2017 07/20/2017 10/09/2015 Book
© 2023 Central Library, National University of Sciences and Technology. All Rights Reserved.